5HLuxD.jpg

KING HENRY VIII SENIOR AND PRIMARY SCHOOL LIBRARY OPAC

Hazed (Record no. 3900)

000 -LEADER
fixed length control field 00731nam a22002297a 4500
005 - DATE AND TIME OF LATEST TRANSACTION
control field 20241119092749.0
008 - FIXED-LENGTH DATA ELEMENTS--GENERAL INFORMATION
fixed length control field 241119b ||||| |||| 00| 0 eng d
020 ## - INTERNATIONAL STANDARD BOOK NUMBER
International Standard Book Number 9781416918035
040 ## - CATALOGING SOURCE
Transcribing agency KH8
082 ## - DEWEY DECIMAL CLASSIFICATION NUMBER
Classification number FIC DIX
100 ## - MAIN ENTRY--PERSONAL NAME
Personal name Dixon, Franklin W.
Relator term Author.
245 ## - TITLE STATEMENT
Title Hazed
Statement of responsibility, etc. Franklin W. Dixon
260 ## - PUBLICATION, DISTRIBUTION, ETC.
Place of publication, distribution, etc. New York,
Name of publisher, distributor, etc. Aladdin Paperbacks,
Date of publication, distribution, etc. 2007
300 ## - PHYSICAL DESCRIPTION
Extent 153 pages ;
Dimensions 20 cm.
440 ## - SERIES STATEMENT/ADDED ENTRY--TITLE
Title Hardy boys undercover brothers,
Number of part/section of a work #14
520 ## - SUMMARY, ETC.
Summary, etc. Frank and Joe investigate a hazing at Eagle River Academy and the death of a student
521 ## - TARGET AUDIENCE NOTE
Target audience note Detective and mystery stories
650 ## - SUBJECT ADDED ENTRY--TOPICAL TERM
Topical term or geographic name entry element Detective and mystery fiction
650 ## - SUBJECT ADDED ENTRY--TOPICAL TERM
Topical term or geographic name entry element Detective and mystery stories
650 ## - SUBJECT ADDED ENTRY--TOPICAL TERM
Topical term or geographic name entry element Fiction
942 ## - ADDED ENTRY ELEMENTS (KOHA)
Source of classification or shelving scheme
Koha item type Books - Fiction
Holdings
Withdrawn status Lost status Source of classification or shelving scheme Damaged status Not for loan Collection code Permanent Location Current Location Shelving location Date acquired Full call number Barcode Date last seen Price effective from Koha item type
          Fiction KH8 Primary School Library KH8 Primary School Library Fiction 2024-11-19 FIC DIX KHPL000004603 2025-12-05 2024-11-19 Books - Fiction

Powered By KH8 IT Dept